000 00848nam a22002415i 4500
001 175132
003 ES-MaACL
005 20250815103930.0
008 101007s1956 sp |||| | spa d
080 _a661.11
080 _a575
100 1 _aAngulo Carpio, María Dolores.
_9143484
245 1 0 _aAgentes químicos en citogenética
_b: notas bibliográficas /
_cpor María Dolores Angulo Carpio.
260 _a[Madrid] :
_bInstituto "José Celestino Mutis",
_c1956.
300 _a321 p. ;
_c25 cm.
490 1 _aMonografías de ciencia moderna ;
_v53-54
650 1 4 _aProductos químicos.
_9143492
650 4 _aCitogenética.
_9143493
710 2 _aInstituto José Celestino Mutis (Madrid)
_95108
830 0 _aMonografías de ciencia moderna
_v53-54
_9189470
852 _aES-MaACL
_jE-13318
_xOlim P-555 bis
999 _c175132
_d175132